• 首页
  • 本馆介绍
  • 公告通知
  • 最新文献
  • 馆藏检索
  • 电子资源
  • 读者导购
  • 参考咨询
  • 我的图书馆
  • 登录
  • 详细信息显示
  • 放入我的书架
  • 预约/预借图书
  • 作者相关作品
  • 分类相关作品
  • 丛书相关作品
  • 出版社相关作品

书目信息

  • 表格格式
  • 工作单格式
  • 卡片格式
题名:
中国知识产权法律实务大全
    
 
作者: 周忠海 , 阎建国 主编
分册:  
出版信息: 北京   北京广播学院出版社  1992.12
页数: 642页
开本: 26cm
丛书名:
单 册:
中图分类: D923.44 , D920.1
科图分类:
主题词: 知识产权法--基本知识--中国
电子资源:
ISBN: 7-81004-357-9
000 00916nam0 2200265 45
001 0193052088
005 20061104142530.31
010    @a7-81004-357-9@b精装@dCNY47.50
092    @a社科288-035
100    @a19931111d1992 em y0chiy0121 ea
101 0  @achi
102    @aCN@b110000
105    @ay zn 000yy
200 10 @a中国知识产权法律实务大全@AZHONG GUO ZHI SHI CHAN QUAN FA LV SHI WU DA QUAN@f周忠海,阎建国主编@FZHOU ZHONG HAI , YAN JIAN GUO ZHU BIAN
210    @a北京@c北京广播学院出版社@d1992.12
215    @a642页@d26cm
330    @a本书囊括了知识产权类的几大法律系统知识,包括:专利商标、著作权、技术合同等法律制度等。
540 1  @a知识 产权@AZHI SHI CHAN QUAN
606    @a知识产权法@x基本知识@y中国
690    @aD923.44@v三版
690    @aD920.1@v3
701  0 @a周忠海@AZHOU ZHONG HAI@4主编
701  0 @a阎建国@AYAN JIAN GUO@4主编
801  0 @aCN@bTSSF@c20061104
905    @a10447@dD920.1@e230
    
    中国知识产权法律实务大全/周忠海,阎建国主编.-北京:北京广播学院出版社,1992.12
    642页;26cm
    
    
    ISBN 7-81004-357-9(精装):CNY47.50
    本书囊括了知识产权类的几大法律系统知识,包括:专利商标、著作权、技术合同等法律制度等。
●
相关链接 在E读中查询图书 在五车中查询图书 在当当中查询图书 在豆瓣中查询图书


正题名:中国知识产权法律实务大全     索取号:D920.1/230         预约/预借

序号 登录号 条形码 馆藏地/架位号 状态 备注
1 0264065   002054591   第一样本阅览室/ [索取号:D920.1/230] 在馆    
欢迎您!
大连网信软件有限公司© 版权所有